| 000 | 00739nam a2200181 a 4500 | ||
|---|---|---|---|
| 005 | 20230315063839.0 | ||
| 008 | 991125s1966 ea 000 0 eng u | ||
| 035 | _aUPN01000000760 | ||
| 049 | _aCG | ||
| 050 | 4 |
_aLB2343 _bC6.2 |
|
| 111 | 2 |
_aConference Emphasis Technical Education _d(1966 : _cSt. Louis, Missouri) |
|
| 245 | 1 | 0 |
_aAddresses an recommendations presented at a Conference / _csponsored by the Midwest Technical Education Center and The American Association of Junior Colleges. |
| 260 |
_aWashington : _bAmerican Association of Junior Colleges, _c1966. |
||
| 300 | _a83 p. | ||
| 500 | _aTÃtulo de la cubierta: Emphasis : occupational education : in the two-year College | ||
| 650 | 4 |
_aOrientación vocacional _95 |
|
| 905 | _aLibro | ||
| 999 |
_c760 _d760 |
||